தஞ்சைப் பொியகோயில் வழிகாட்டு நூல்/
Saved in:
| Main Author: | |
|---|---|
| Format: | Book |
| Language: | English Tamil |
| Published: |
சென்னை:
கங்கை புத்தக நிலையம்,
2023
|
| Subjects: | |
| Tags: |
Add Tag
No Tags, Be the first to tag this record!
|
MARC
| LEADER | 00000nam a22000007a 4500 | ||
|---|---|---|---|
| 005 | 20260410123615.0 | ||
| 008 | 260410b |||||||| |||| 00| 0 eng d | ||
| 020 | |a 9788184957518 | ||
| 041 | |a tam |h tam | ||
| 082 | |a 294.5 |b செல்வ | ||
| 100 | |a செல்வகணபதி,சண்முக |9 117194 | ||
| 245 | |a தஞ்சைப் பொியகோயில் வழிகாட்டு நூல்/ |c சண்முக செல்வகணபதி. | ||
| 260 | |a சென்னை: |b கங்கை புத்தக நிலையம், |c 2023 | ||
| 300 | |a xii,84p.: |b ill; |c 21.5.cm | ||
| 500 | |a Purchased | ||
| 650 | |a இந்து மதம் |9 117195 | ||
| 942 | |c BK | ||
| 999 | |c 71233 |d 71233 | ||